header

Quadrangular algebras (Record no. 17504)

MARC details
000 -LEADER
fixed length control field 01434nam a22003734a 4500
082 04 - DEWEY DECIMAL CLASSIFICATION NUMBER
Classification number 512.7/4
100 1# - MAIN ENTRY--AUTHOR NAME
Personal name Weiss, Richard M.
245 10 - TITLE STATEMENT
Title Quadrangular algebras
260 ## - PUBLICATION, DISTRIBUTION, ETC. (IMPRINT)
Place of publication Princeton, N.J. :
Name of publisher Princeton University Press,
Year of publication c2006.
300 ## - PHYSICAL DESCRIPTION
Number of Pages x, 131, [2] p. :
Other physical details ill.
490 1# - SERIES STATEMENT
Series statement Mathematical notes ;
Series statement Princeton paperbacks
650 #0 - SUBJECT ADDED ENTRY--TOPICAL TERM
Topical Term Forms, Quadratic.
Topical Term Algebra.
856 40 - ELECTRONIC LOCATION AND ACCESS
Uniform Resource Identifier http://site.ebrary.com/lib/rucke/Doc?id=10284147

No items available.

© 2026 Rongo University
Contact us: librarian | system librarian | Rongo university